Star Wars The Force Unleashed Characters Quiz Stats

 Plays Quiz not verified by Sporcle

Score 0/13 Timer 07:00
0 Plays Today
Description Character % Correct
Main Character, Powerful Sith ApprenticeStarkiller, The Secret Apprentice
93.9%
Lying Sith Master of Main CharacterDarth Vader
90.3%
Main Character's Companion and Prototype Holodroid PROXY
84.4%
Pilot of The Rogue Shadow, Main Character's Love InterestCaptain Juno Eclipse
77%
Master Of Above, Ultimate Dictator of the Entire GalaxyEmperor Palpatine
76.6%
Princess of Alderaan, Taken to Kashyyyk as a 'Senatorial Observer'Princess Leia Organa
74.5%
Togruta in Exile on FeluciaShaak Ti
70%
First Victim of Main Character, Jedi Mentor of Main CharacterRahm Kota
66.7%
Senator Captured on FeluciaSenator Bail Organa
64.3%
Apprentice of Above, Turns to Dark Side and Corrupts FeluciaMaris Brood
55.9%
Insane Outcast Aleena Jedi, Lives on Raxus PrimeKazdan Paratus
40.3%
Jedi Father of Main CharacterRogue Jedi
35.2%
Highly Ranked Imperial Officer, In Charge of Operation on KashyyykCaptain Ozzik Sturn
20.5%

You're not logged in!

Compare scores with friends on all Sporcle quizzes.
OR
Log In

Show Comments

Extras

Top Quizzes Today


Score Distribution

Your Account Isn't Verified!

In order to create a playlist on Sporcle, you need to verify the email address you used during registration. Go to your Sporcle Settings to finish the process.

Report this User

Report this user for behavior that violates our Community Guidelines.

Details: